Francie a jižní dimenze Evropské politiky sousedství
Súčasná francúzska koncepcia Európskej politiky susedstva založená na pozastavení rozširovacieho procesu Európskej únie a na užších vzťahoch so štátmi stredomorského priestoru. Francúzska orientácia na juh založená najmä na historickom, kultúrnom a geografickom základe. Snaha Francúzska o to, aby v...
Guardado en:
| Autor principal: | |
|---|---|
| Formato: | Capítulo de libro |
| Lenguaje: | checo |
| Materias: | |
| Etiquetas: |
Sin Etiquetas, Sea el primero en etiquetar este registro!
|
MARC
| LEADER | 00000naa$a2200000$$$4500 | ||
|---|---|---|---|
| 001 | 0057094 | ||
| 005 | 20231016092906.8 | ||
| 041 | 0 | |a cze | |
| 044 | |a CZ | ||
| 245 | 1 | 0 | |a Francie a jižní dimenze Evropské politiky sousedství |c Eliška Tomalová |
| 520 | |a Súčasná francúzska koncepcia Európskej politiky susedstva založená na pozastavení rozširovacieho procesu Európskej únie a na užších vzťahoch so štátmi stredomorského priestoru. Francúzska orientácia na juh založená najmä na historickom, kultúrnom a geografickom základe. Snaha Francúzska o to, aby v rámci politiky susedstva nedošlo k štiepeniu na juh a východ. Orientácia USA na stredomorský región. Stredomorie ako téma francúzskej predvolebnej kampane. Otázka Stredomorskej únie. | ||
| 610 | 2 | 0 | |a politika medzinárodná |
| 610 | 2 | 0 | |a politika zahraničná |
| 610 | 2 | 0 | |a vzťahy medzinárodné |
| 610 | 2 | 0 | |a spolupráca hospodárska medzinárodná |
| 610 | 2 | 0 | |a Európska únia |
| 610 | 2 | 0 | |a Francúzsko |
| 610 | 2 | 0 | |a regióny |
| 610 | 2 | 0 | |a partnerstvo strategické |
| 610 | 2 | 0 | |a voľby |
| 100 | 1 | |a Tomalová, Eliška | |